| 000 | 00623nam a2200205Ia 4500 | ||
|---|---|---|---|
| 003 | GCL | ||
| 008 | 140319s9999 xx 000 0 ara d | ||
| 040 |
_aGCL / _cGCL |
||
| 082 | 0 | 4 |
_a414 _bس م |
| 100 | 1 | _aنعيم زرزور | |
| 245 | 1 | 0 |
_aمفتاح العلوم / _cنعيم زرزور |
| 700 | 1 | _aالسكاكى سراج الدين ابويعقوب | |
| 260 |
_a[S.N] : _bدار الكتب العلمية للنشر والتوزيع ، _c1987 |
||
| 300 | _a621 ص | ||
| 490 | _a | ||
| 650 | 0 | 4 | _aالنحو |
| 650 | 0 | 4 | _aاللغة العربية |
| 650 | 0 | 4 | _aالبلاغة العربية |
| 942 |
_2ddc _cBK |
||
| 999 |
_c35216 _d35216 |
||